[Event "Arctic Chess Challenge"]
[Site "Tromso NOR"]
[Date "2009.08.02"]
[Round "2"]
[White "Groetz,H"]
[Black "Pettersson,Tob"]
[Result "0-1"]
[WhiteElo "2350"]
[BlackElo "2138"]

1.e4 d6 2.d4 Nf6 3.Nc3 c6 4.f4 Qa5 5.Bd3 e5 6.Nf3 Nbd7 7.O-O Be7 8.a3 Qc7
9.Be3 O-O 10.Kh1 b6 11.Qd2 exd4 12.Bxd4 Nc5 13.e5 Nfd7 14.Bc4 Ba6 15.Bxa6 Nxa6
16.exd6 Bxd6 17.Ng5 h6 18.Nge4 Bc5 19.Rad1 Bxd4 20.Qxd4 Ndc5 21.Nd6 Rad8
22.f5 Nb7 23.Nce4 Nac5 24.f6 Nxe4 25.fxg7 Rfe8 26.Qe3 Rxd6  0-1

[Event "Open"]
[Site "Ptuj SLO"]
[Date "2009.08.03"]
[Round "2"]
[White "Belsak,Z"]
[Black "Biti,O"]
[Result "1/2-1/2"]
[WhiteElo "2030"]
[BlackElo "2359"]

1.e4 d6 2.d4 Nf6 3.Nc3 e5 4.dxe5 dxe5 5.Qxd8+ Kxd8 6.Bc4 Ke8 7.Nge2 c6 8.f3 Nbd7
9.Be3 Bc5 10.Nd1 Ke7 11.Bxc5+ Nxc5 12.Ne3 b5 13.Bd3 Rd8 14.Nc1 a5 15.Be2 Be6
16.Nd3 Nfd7 17.Kf2 f6 18.a3 Na4 19.b3 Nc3 20.Nd1 Nxd1+ 21.Rhxd1 Rdc8 22.Nb2 Nb6
23.a4 b4 24.Rd2 Rd8 25.Rad1 Rxd2 26.Rxd2 Rc8 27.Bc4 Bd7 28.Ke3 g6 29.Be2 Be6
30.Bc4 Bd7 31.Be2 Kd8 32.Rd6 f5 33.Rd2 Kc7 34.Nd3 Re8 35.Nc5 Bc8 36.Ba6 Be6
37.Be2 Nc8 38.Nd3 Bd7 39.Nb2 Nd6 40.Nc4 Nxc4+ 41.Bxc4 f4+ 42.Kf2 g5 43.Bf7 Re7
44.Bc4 Rg7 45.Rd1 g4 46.Be2 h5 47.Rd3 Be6 48.c4 bxc3 49.Rxc3 Kb6 50.Rd3 Kc7
51.Ke1 g3 52.h4 Rg8 53.Kd2 Rb8 54.Kc2 Rb4 55.Bf1 c5 56.Rc3 Kd6 57.Bc4 Bd7
58.Rd3+ Kc7 59.Kc3 Bc6 60.Rd2 Rb8 61.Be2 Bd7 62.Bc4 Bc6 63.Be2 Rf8 64.Rd1 Rb8
65.Rd2 Rb4 66.Bc4 Bb7 67.Rd1 Rb6 68.Rd2 Rd6 69.Rxd6 Kxd6 70.Be2 Bc8 71.Bc4 Bd7
72.Bf1 Bc6 73.Be2 Be8 74.Bf1 Bg6 75.Be2 Bf7 76.Bf1 Be6 77.Be2 Bc8 78.Bf1 Bb7
79.Be2 c4  1/2-1/2

[Event "Open"]
[Site "Kavala GRE"]
[Date "2009.08.04"]
[Round "5"]
[White "Nevednichy,V"]
[Black "Khukhashvili,S"]
[Result "1-0"]
[WhiteElo "2570"]
[BlackElo "2430"]

1.e4 d6 2.d4 Nf6 3.Nc3 e5 4.Nf3 Nbd7 5.g3 Be7 6.Bg2 O-O 7.O-O c6 8.a4 a5
9.h3 Re8 10.Be3 Qc7 11.Re1 Rb8 12.Qe2 Bf8 13.d5 Nb6 14.Nd2 Bd7 15.Nc4 Nxc4
16.Qxc4 Qc8 17.Qf1 h6 18.Kh2 Qc7 19.Qd3 Rec8 20.Rec1 Be8 21.Rd1 Nd7 22.Qc4 h5
23.Bf1 g6 24.Kg1 Kh7 25.h4 Nf6 26.f3 b5 27.axb5 cxb5 28.Qxc7 Rxc7 29.Rxa5 b4
30.Nb1 Rxc2 31.b3 Rcc8 32.Nd2 Rc3 33.Kf2 Nd7 34.Rb1 f5 35.Ra7 Kg8 36.exf5 gxf5
37.Bh3 Nf6 38.Bxf5 Rxe3 39.Be6+ Kh8 40.Kxe3 Bh6+ 41.Ke2 Bb5+ 42.Nc4 Bxc4+
43.bxc4 b3 44.Ra6  1-0

[Event "Open"]
[Site "Kavala GRE"]
[Date "2009.08.05"]
[Round "6"]
[White "Zubarev,Al1"]
[Black "Nevednichy,V"]
[Result "0-1"]
[WhiteElo "2548"]
[BlackElo "2570"]

1.e4 d6 2.d4 Nf6 3.Nc3 e5 4.Nf3 Nbd7 5.Bc4 Be7 6.O-O O-O 7.Re1 c6 8.a4 a5
9.h3 Qc7 10.Ba2 h6 11.Be3 Re8 12.Nd2 Nf8 13.d5 N6h7 14.Nc4 Ra6 15.f4 exf4
16.Bxf4 Ng6 17.Bh2 b5 18.axb5 cxb5 19.Nxb5 Qc5+ 20.Nd4 Ne5 21.c3 a4 22.Ne3 Bd7
23.Bb1 Rb6 24.Ra2 Reb8 25.Qe2 a3 26.b3 Qxc3 27.Qd2 Qxd2 28.Rxd2 Bf6 29.Nec2 Nc4
30.Rdd1 Nb2 31.Rd2 Bg5 32.Ne3 Nf6 33.Rxb2 Bxe3+ 34.Rxe3 axb2 35.Re2 Re8 36.Rxb2 Nxe4
37.Bd3 Nc5 38.Bc4 Re4 39.Rd2 Re1+ 40.Kf2 Rh1 41.Re2 f5 42.Bf4 Ne4+ 43.Kf3 Rf1+
44.Ke3 g5 45.Bh2 Nc3 46.Rc2 f4+ 47.Kd3 Nb5 48.Bxb5 Bxb5+ 49.Ke4 Re1+ 50.Kf3 Bd3  0-1

[Event "Open"]
[Site "Kavala GRE"]
[Date "2009.08.06"]
[Round "7"]
[White "Ris,R"]
[Black "Damljanovic,B"]
[Result "1/2-1/2"]
[WhiteElo "2421"]
[BlackElo "2551"]

1.d4 d6 2.e4 Nf6 3.Nc3 Nbd7 4.Nf3 e5 5.Bc4 Be7 6.O-O Nb6 7.Bb3 exd4 8.Qxd4 O-O
9.Qd3 a5 10.a4 Nfd7 11.Be3 Nc5 12.Bxc5 dxc5 13.Qe2 Bg4 14.Rad1 Qe8 15.Nb5 Rc8
16.e5 c4 17.Bxc4 Nxa4 18.Na7 Ra8 19.Bb5 Qb8 20.Bxa4 Qxa7 21.Bd7 Bh5 22.Qe4 c6
23.Bf5 g6 24.Bg4 Bxg4 25.Qxg4 Qc5 26.Rd7 b5 27.Nd4 Rad8 28.Nxc6 Qxc6 29.Rxe7 Rfe8
30.Rxe8+ Rxe8 31.Qe2 a4 32.c3 f6 33.f4 fxe5 34.fxe5 Qc5+ 35.Qf2 Rxe5 36.Qxc5 Rxc5
37.Rf4 g5 38.Rf6 Rd5 39.h3 Rd1+ 40.Rf1 Rxf1+ 41.Kxf1 Kf7 42.Ke2 Ke6 43.Kd2 Ke5
44.Ke3 h5 45.g3 Kd5 46.Kd3 Kc5 47.Kd2 Kd6 48.h4 gxh4 49.gxh4 Kc5 50.Kc2 Kc4
51.b3+ axb3+ 52.Kb2 b4 53.cxb4 Kxb4 54.Kb1 Kc3 55.Kc1 Kd3 56.Kb2 Kc4 57.Kb1 Kd4
58.Kb2 Ke4 59.Kxb3 Kf4 60.Kc2 Kg4  1/2-1/2

[Event "Open"]
[Site "Kavala GRE"]
[Date "2009.08.06"]
[Round "7"]
[White "Deviatkin,A"]
[Black "Khukhashvili,S"]
[Result "1/2-1/2"]
[WhiteElo "2589"]
[BlackElo "2430"]

1.e4 d6 2.d4 Nf6 3.Nc3 e5 4.dxe5 dxe5 5.Qxd8+ Kxd8 6.Bc4 Ke8 7.a3 Bd6 8.Bg5 Nbd7
9.O-O-O a6 10.Nf3 h6 11.Bh4 Nb6 12.Bb3 Bg4 13.Bxf6 gxf6 14.Rd3 Bc5 15.Rf1 Ke7
16.Ne2 Rad8 17.Rc3 Nd7 18.Ng3 Rhg8 19.Nh4 Ke8 20.f3 Be6 21.Nh5 Bb6 22.g4 Ke7
23.Ng3 Nc5 24.Nhf5+ Kf8 25.h4 Rh8 26.Rd1 Rxd1+ 27.Kxd1 Bxf5 28.Nxf5 h5 29.gxh5 Rxh5
30.Bd5 Na4 31.Rb3 Nc5 32.Re3 Nxe4 33.fxe4 Rxf5 34.exf5 Bxe3 35.Bxb7 a5 36.Bd5 Ke7
37.c3 Kd6 38.Be4 c5 39.b3 Ke7 40.Kc2 Bf2 41.h5 Kf8 42.Kd3 Kg7 43.Kc4 Be1
44.Kxc5 Bxc3 45.b4 axb4 46.axb4 Kh6 47.Kc4 Bd4 48.Bf3 Kg5 49.Bg4 Be3 50.Kd3 Ba7
51.Ke4 Bd4 52.b5 Bb6 53.Bd1 Bd4 54.Be2 Bg1 55.Bg4 Bb6 56.Kd5 Be3 57.Ke4 Bb6
58.Be2 Bd4 59.Bf3 Bg1 60.Bg4  1/2-1/2

[Event "Arctic Chess Challenge"]
[Site "Tromso NOR"]
[Date "2009.08.06"]
[Round "6"]
[White "Soraas,T"]
[Black "Welling,G"]
[Result "1/2-1/2"]
[WhiteElo "2157"]
[BlackElo "2363"]

1.e4 d6 2.d4 Nf6 3.Nc3 e5 4.Nf3 Nbd7 5.Be2 Be7 6.O-O O-O 7.Re1 c6 8.a4 b6
9.Bg5 a6 10.h3 Bb7 11.Bd3 Qc7 12.Ne2 Rfe8 13.Ng3 b5 14.c4 b4 15.d5 a5 16.b3 Kh8
17.Nf5 Ng8 18.Nxe7 Nxe7 19.Nh4 f6 20.Be3 g6 21.Be2 c5 22.Bg4 Nf8 23.Qf3 Ng8
24.Qg3 Rad8 25.Bd2 Re7 26.Re2 Bc8 27.Rae1 Rg7 28.Qd3 Qe7 29.g3 Bd7 30.Bc1 h5
31.Bxd7 Qxd7 32.Kh2 Ne7 33.f4 g5 34.fxg5 fxg5 35.Ng2 Nh7 36.Rf1 Ng6 37.Rf5 Ne7
38.Rf1 Ng6 39.Rf5 Ne7 40.Rf1  1/2-1/2

[Event "Arctic Chess Challenge"]
[Site "Tromso NOR"]
[Date "2009.08.06"]
[Round "6"]
[White "Vas,P SWE"]
[Black "Pettersson,Tob"]
[Result "1-0"]
[WhiteElo "2232"]
[BlackElo "2138"]

1.e4 d6 2.d4 Nf6 3.Nc3 e5 4.Nf3 Nbd7 5.Bc4 Be7 6.O-O O-O 7.Re1 c6 8.dxe5 dxe5
9.a4 b6 10.Qe2 h6 11.Rd1 Qc7 12.Nh4 Nc5 13.Ng6 Re8 14.b3 Bg4 15.f3 Be6 16.Nxe7+ Qxe7
17.Ba3 Nfd7 18.b4 Nb7 19.b5 Ndc5 20.bxc6 Bxc4 21.Qxc4 Na5 22.Qb5 Rec8 23.Nd5 Qd8
24.Bxc5  1-0

[Event "ITT Vicente Lopez"]
[Site "Villa Martelli ARG"]
[Date "2009.08.06"]
[Round "3"]
[White "Lopez Azambuja,N"]
[Black "Guerrero,Alv"]
[Result "1/2-1/2"]
[WhiteElo "2185"]
[BlackElo "2257"]

1.e4 d6 2.d4 Nf6 3.Nc3 e5 4.Nf3 Nbd7 5.Bc4 Be7 6.O-O O-O 7.Re1 a6 8.a4 b6
9.b3 c6 10.d5 c5 11.Nh4 g6 12.g3 Nh5 13.Nf5 Ng7 14.Nxe7+ Qxe7 15.Bf1 h5 16.Rb1 a5
17.Nb5 Rb8 18.Na3 f5 19.exf5 Nxf5 20.Bg2 Qf7 21.c3 Nf6 22.Rb2 Bb7 23.Rd2 Ba6
24.c4 Kh7 25.Nb1 Rbe8 26.Nc3 Kg7 27.Bb2 Bc8 28.Nb5 Bd7 29.Nc3 Nd4 30.Nb5 Bxb5
31.axb5 Ng4 32.f4 Kh7 33.h3 Nh6 34.Rf2 h4 35.g4 g5 36.Be4+ Kg8 37.f5 Qf6
38.Bc3 Ra8 39.Ra2 Qd8 40.Kg2 Kh8 41.Ra4 Rg8 42.Ra3 Qf6 43.Rf1 Raf8 44.Ra2 Nf7
45.Kf2 Nh6 46.Kg2 Kg7 47.Ra3 Qd8 48.Qd3 Kf6 49.Bd2 Nf7 50.Bc3 Qc7 51.Bd2 Ra8
52.Ra4 Ra7 53.Rfa1 Rc8 54.Rf1 Rg8 55.Rfa1 Rb7 56.Rf1 Rg7 57.Rfa1 Nh6 58.Rf1 Ng8
59.Rfa1 Qd8 60.Rf1 Rbf7 61.Rfa1 Ke7 62.Re1 Kf8 63.Rf1 Nf6 64.Ra3 Rb7 65.Rb1 Kg8
66.Ra4 Qa8 67.Rb2 Qf8 68.Rb1 Rbf7 69.Ra3  1/2-1/2

[Event "HZ Open"]
[Site "Vlissingen NED"]
[Date "2009.08.06"]
[Round "7"]
[White "Beijerinck,N"]
[Black "Verduyn,F"]
[Result "0-1"]
[WhiteElo "2022"]
[BlackElo "2183"]

1.e4 d6 2.d4 Nf6 3.Nc3 c6 4.f4 Qa5 5.Bd3 e5 6.Nf3 Bg4 7.Be3 Nbd7 8.O-O Be7
9.h3 Bh5 10.Qd2 Bxf3 11.Rxf3 Bd8 12.b4 Qc7 13.a4 a5 14.b5 O-O 15.Raf1 Be7
16.Be2 Rad8 17.Rg3 Kh8 18.h4 exd4 19.Bxd4 Nc5 20.Qe3 Rg8 21.Bc4 Bf8 22.Rd1 d5
23.Bxf6 gxf6 24.Rxg8+ Kxg8 25.exd5 cxd5 26.Nxd5 Qd6 27.Qd4 Kh8 28.Re1 Bg7
29.f5 Nd7 30.Bb3 Ne5 31.Qb6 Qf8 32.Re3 Ng4 33.Re4 h5 34.Qc7 Rc8 35.Qe7 Qg8
36.Nf4 Rd8 37.c3 Bf8 38.Qxf7 Qxf7  0-1

[Event "96th ch-GBR"]
[Site "Torquay ENG"]
[Date "2009.08.07"]
[Round "11"]
[White "Greet,A"]
[Black "Conquest,S"]
[Result "0-1"]
[WhiteElo "2443"]
[BlackElo "2572"]

1.e4 d6 2.d4 Nf6 3.Nc3 Nbd7 4.g4 h6 5.h3 c6 6.Bg2 e5 7.Nge2 b5 8.a3 Bb7 9.O-O a5
10.Ng3 g6 11.Be3 Qc7 12.f4 h5 13.g5 h4 14.Nge2 Nh5 15.d5 exf4 16.Nxf4 Nxf4
17.Rxf4 c5 18.Nxb5 Qb6 19.a4 Be7 20.Rf2 Ba6 21.Qe2 Ne5 22.Bf4 Qd8 23.Raf1 Rh7
24.Qe3 Rb8 25.Qc3 Bxb5 26.axb5 Qc7 27.Bxe5 dxe5 28.Rf6 Bxf6 29.Rxf6 Rxb5
30.d6 Qd7 31.Qxe5+ Kf8 32.Bf1 c4 33.Qf4 Rxb2 34.e5 Qa7+ 35.Qf2 Qxf2+ 36.Rxf2 Ke8
37.Bxc4 a4 38.Rf3 Rb4 39.Bd5 Rd4 40.Bc6+ Kd8 41.Kf1 Rc4 42.Bd5 Rc5 43.c4 Ra5
44.Bxf7 Rxe5 45.Bxg6 Rg7 46.Bc2 Rgxg5 47.Bxa4 Ref5 48.Rxf5 Rxf5+ 49.Ke2 Ra5
50.Bb5 Ra3 51.Kd2 Rxh3 52.c5 Rb3 53.Bc4 Rb4 54.Bf1 Kd7 55.Kc3 Rb1 56.Bd3 Rc1+
57.Kb4 Ke6 58.Ba6 Rb1+ 59.Kc4 Rb8 60.Kd4 Rb4+ 61.Kc3 Rf4 62.Bb7 h3 63.Bc8+ Kf7
64.Bb7 h2 65.Bd5+ Ke8 66.Bc6+ Kd8 67.Bg2 Rg4 68.Bb7 Rg7 69.Bc6 Rg1 70.Kd4 Rc1
71.Bf3 h1=Q 72.Bxh1 Rxh1 73.c6 Rc1 74.Kd5 Rc2 75.c7+ Kd7 76.Kd4  0-1

[Event "96th ch-GBR"]
[Site "Torquay ENG"]
[Date "2009.08.07"]
[Round "11"]
[White "Hegarty,S"]
[Black "LeMoir,D"]
[Result "1/2-1/2"]
[WhiteElo "2098"]
[BlackElo "2009"]

1.e4 d6 2.d4 Nf6 3.Nc3 e5 4.Nf3 Nbd7 5.Bc4 Be7 6.O-O O-O 7.Re1 a6 8.a4 b6
9.b3 Bb7 10.Bb2 c6 11.Qd2 Qc7 12.Bd3 Rfe8 13.Ne2 Bf8 14.Ng3 g6 15.Rad1 Bg7
16.h3 b5  1/2-1/2

[Event "Open"]
[Site "Kavala GRE"]
[Date "2009.08.08"]
[Round "9"]
[White "Parligras,M"]
[Black "Khukhashvili,S"]
[Result "0-1"]
[WhiteElo "2557"]
[BlackElo "2430"]

1.e4 d6 2.d4 Nf6 3.Nc3 e5 4.Nge2 Be7 5.g3 c6 6.a4 h5 7.h3 a5 8.Bg2 Qc7 9.Be3 Nbd7
10.Qd2 b6 11.f4 Ba6 12.Bf3 b5 13.axb5 cxb5 14.dxe5 dxe5 15.Nd5 Nxd5 16.exd5 Bb4
17.c3 Bd6 18.O-O h4 19.g4 O-O 20.b4 a4 21.f5 Rfe8 22.Bg2 e4 23.Bf2 Nb6 24.Bxh4 Bb7
25.f6 g6 26.Nd4 Nxd5 27.Qh6 Bf8 28.Qg5 Qxc3 29.Nf5 Ra6 30.Rad1 Nxf6 31.Nh6+ Bxh6
32.Qxh6 Nd5 33.Rxf7 Kxf7 34.Rf1+ Kg8  0-1

[Event "Open"]
[Site "Kavala GRE"]
[Date "2009.08.08"]
[Round "9"]
[White "Arun,Ka"]
[Black "Damljanovic,B"]
[Result "0-1"]
[WhiteElo "2291"]
[BlackElo "2551"]

1.e4 d6 2.d4 Nf6 3.Nc3 e5 4.dxe5 dxe5 5.Qxd8+ Kxd8 6.Bc4 Ke8 7.Nf3 Bd6 8.Bg5 Nbd7
9.O-O-O a6 10.Rhe1 h6 11.Bxf6 Nxf6 12.Nd5 Nxd5 13.exd5 f6 14.Bd3 Kf7 15.Nh4 g5
16.Nf5 Bd7 17.Be4 h5 18.h3 b5 19.c3 a5 20.Kb1 Bc5 21.Re2 Rag8 22.g3 Rb8 23.Rc1 g4
24.h4 Rhd8 25.Rd1 c6 26.Red2 Bxf5 27.Bxf5 cxd5 28.Rxd5 Bxf2 29.Rd7+ Rxd7
30.Rxd7+ Kf8 31.Rh7 Rb6 32.Rxh5 Bxg3 33.Bxg4 Rd6 34.Rh8+ Kg7 35.Ra8 b4 36.Rxa5 bxc3
37.bxc3 Bxh4 38.Bf5 Kh6 39.Kc2 Kg5 40.Bd3 Be1 41.Ra8 Rc6 42.c4 Kf4 43.a4 e4
44.Bf1 Kg3 45.a5 Kf2 46.Bd3 exd3+ 47.Kxd3 Kf3 48.Kd4 Bb4 49.Rd8 Bxa5 50.Rd7 f5
51.Kd5 Rc7 52.Rd6 f4 53.Rf6 Bb4 54.Rb6 Bc5 55.Rb5 Be3  0-1

[Event "Pan-American Teams"]
[Site "Mendes BRA"]
[Date "2009.08.09"]
[Round "1"]
[White "Quesada Perez,Y"]
[Black "Boada,W"]
[Result "0-1"]
[WhiteElo "2584"]
[BlackElo "2252"]

1.e4 d6 2.d4 Nf6 3.Nc3 c6 4.Be3 Qa5 5.Qd2 e5 6.Nf3 Be7 7.h3 Nbd7 8.Bd3 a6
9.O-O Qc7 10.a4 b6 11.dxe5 dxe5 12.Ne2 O-O 13.Ng3 Nc5 14.Qc3 Nfd7 15.a5 bxa5
16.Nf5 Bd6 17.Nxd6 Qxd6 18.Rxa5 Nxd3 19.cxd3 Re8 20.Rd1 Rb8 21.d4 c5 22.d5 Qg6
23.Nd2 Nf6 24.Bxc5 Nxe4 25.Nxe4 Qxe4 26.Bd6 Qe2 27.Rb1 Rb6 28.Bc5 Rg6 29.Re1 Qh5
30.Kh1 h6 31.Ra4 Qg5 32.Rg1 e4 33.Qb3 f5 34.d6+ Be6 35.Qc3 Kh7 36.Rd4 Bd7
37.Rd5 Qh4 38.Re5 f4 39.Rxe8 Bxe8 40.Qe5 Bc6 41.Qe7 Qh5 42.d7 e3 43.Kh2 Qd5
44.f3 Bxd7 45.b4 Bf5 46.Qc7 Bxh3 47.Qxf4 Bd7 48.Rb1 e2 49.Re1 Bb5 50.Kg1 a5
51.Kf2 a4 52.Qe3 Qh5 53.Qf4 a3 54.Ra1 a2 55.Bd4 Qd5 56.Qe5 Qc4 57.Qe4 Qxb4
58.Re1 Qd2 59.Qe5 Bd3 60.Be3 Qb4  0-1

[Event "Asian Zone 3.2 m"]
[Site "New Delhi IND"]
[Date "2009.08.09"]
[Round "1"]
[White "Neelotpal,D"]
[Black "Hapuarachchi,H"]
[Result "1-0"]
[WhiteElo "2474"]
[BlackElo "2001"]

1.e4 d6 2.d4 Nf6 3.Nc3 e5 4.Nf3 exd4 5.Qxd4 Be7 6.Bg5 O-O 7.O-O-O c5 8.Qd2 Be6
9.Bf4 Nc6 10.Ng5 Nd4 11.Nf3 Nc6 12.Kb1 Qa5 13.Ng5 Kh8 14.f3 a6 15.h4 b5 16.h5 b4
17.Nd5 Bxd5 18.exd5 Nd4 19.h6 g6 20.Bc4 Nd7 21.Rhe1 Bxg5 22.Bxg5 f6 23.Bh4 Ne5
24.Bb3 Nf5 25.Qf4 Rac8 26.Bc4 Qb6 27.Bf2 Qc7 28.Re4 Qf7 29.b3 a5 30.g4 Ne7
31.Qe3 Rc7 32.Bg3 a4 33.Bxe5 fxe5 34.Rxe5 Qxf3 35.Qxf3 Rxf3 36.Re6 axb3 37.axb3 Rd7
38.Bb5 Rb7 39.Rxd6 Rxb5 40.Rd8+ Ng8 41.d6 Rb7 42.d7  1-0

[Event "IMA"]
[Site "Olomouc CZE"]
[Date "2009.08.09"]
[Round "5"]
[White "Tuma,Ji"]
[Black "Johansson,Ja SWE"]
[Result "1/2-1/2"]
[WhiteElo "2288"]
[BlackElo "2437"]

1.e4 d6 2.d4 Nf6 3.Nc3 e5 4.Nf3 Nbd7 5.Bc4 Be7 6.O-O O-O 7.Re1 c6 8.a4 b6
9.Ba2 a6 10.h3 Bb7 11.Nh4 g6 12.Nf3 Nh5 13.Bh6 Ng7 14.Qd2 Qc7 15.Rad1 Rad8
16.Bg5 Nf6 17.Bh4 Nfh5 18.Bxe7 Qxe7 19.dxe5 dxe5 20.Qg5 Rde8 21.Qxe7 Rxe7
22.Rd6 Ne8 23.Rd2 Nhf6 24.Red1  1/2-1/2

[Event "Pan-American Teams"]
[Site "Mendes BRA"]
[Date "2009.08.10"]
[Round "2"]
[White "Tristan,L"]
[Black "Boada,W"]
[Result "1-0"]
[WhiteElo "2393"]
[BlackElo "2252"]

1.e4 d6 2.d4 Nf6 3.Nc3 c6 4.g3 Qa5 5.Bg2 e5 6.Ne2 b5 7.O-O Be7 8.h3 b4 9.Nb1 c5
10.d5 Ba6 11.Be3 Nbd7 12.Nd2 Bb5 13.a3 Qc7 14.Re1 O-O 15.axb4 cxb4 16.c4 bxc3
17.Nxc3 a6 18.Nxb5 axb5 19.Qb3 Nc5 20.Qxb5 Rab8 21.Qc6 Qxc6 22.dxc6 Nd3 23.Reb1 Rfc8
24.Ra7 Bd8 25.Rb7 Rxb7 26.cxb7 Rb8 27.Ra1 Nc5 28.Bxc5 dxc5 29.Nb3 Rxb7 30.Ra8 Rd7
31.Nxc5 Rd1+ 32.Bf1 Kf8 33.Kg2 Ke7 34.Ra7+ Kf8 35.Bc4 Bb6 36.Rxf7+ Ke8 37.b4 Rd4
38.Rb7 Bxc5 39.Bb5+ Kd8 40.bxc5 Rb4 41.c6 Rb3 42.c7+ Kc8 43.Bd7+ Kxd7 44.Rxb3 Kxc7
45.Kf3 Kc6 46.Ra3 Nd7 47.Ra6+ Kc7 48.Re6 Kd8 49.Kg4  1-0

[Event "Jubilee Open"]
[Site "Zuerich SUI"]
[Date "2009.08.10"]
[Round "3"]
[White "Caspi,I"]
[Black "Pelletier,Y"]
[Result "1/2-1/2"]
[WhiteElo "2417"]
[BlackElo "2574"]

1.e4 d6 2.d4 Nf6 3.Nc3 e5 4.Nf3 Nbd7 5.Bc4 Be7 6.O-O c6 7.a4 a5 8.Re1 O-O
9.Ba2 exd4 10.Qxd4 Nc5 11.Bf4 Ne8 12.Rad1 Be6 13.Bg3 Qb6 14.Bxe6 fxe6 15.b3 e5
16.Qe3 Nc7 17.Nd2 N7e6 18.Nc4 Qc7 19.f3 Rad8 20.Bf2 Nd4 21.Qd2 Nce6 22.Ne2 Bg5
23.Qc3 Bf6 24.Nxd4 exd4 25.Qxa5 Qxa5 26.Nxa5 Rd7 27.Nc4 Be5 28.b4 b5 29.axb5 cxb5
30.Nb6 Rc7 31.Rd2 Ra7 32.Bg3 g5 33.Rc1 Rb8 34.Bxe5 dxe5 35.Nd5 Rc8 36.Nf6+ Kg7
37.Ng4 Ra4 38.Nxe5 Rxb4 39.Ra1 Ra4 40.Rb1 Ra2 41.Rxb5 Rcxc2 42.Rb7+ Kf6 43.Ng4+ Kg6
44.Rxc2 Rxc2 45.g3 h5 46.Ne5+ Kf6 47.Nd7+ Kg6 48.Rb6 Kf7 49.Ne5+ Kf6 50.f4 gxf4
51.gxf4 Re2 52.Nd3 Rxe4 53.Nc5 Re3 54.Kf2 Kf5 55.Nxe6 Rxe6 56.Rxe6 Kxe6 57.Ke2  1/2-1/2

[Event "24th ICT Acropolis"]
[Site "Chalkida GRE"]
[Date "2009.08.11"]
[Round "2"]
[White "Karlovich,A"]
[Black "Klinova,M"]
[Result "1/2-1/2"]
[WhiteElo "2211"]
[BlackElo "2312"]

1.e4 d6 2.d4 Nf6 3.Nc3 e5 4.Nf3 Nbd7 5.g3 Be7 6.Bg2 c6 7.a4 O-O 8.O-O Re8
9.Re1 Bf8 10.b3 b6 11.Bb2 Qc7 12.Qd2 Bb7 13.Rad1  1/2-1/2

[Event "Open"]
[Site "Olomouc CZE"]
[Date "2009.08.12"]
[Round "8"]
[White "Dukaczewski,P"]
[Black "Ianov,V"]
[Result "1/2-1/2"]
[WhiteElo "2282"]
[BlackElo "2364"]

1.e4 d6 2.d4 Nf6 3.Nc3 c6 4.f3 g6 5.Be3 Qb6 6.Qc1 Bg7 7.Bc4 O-O 8.Nge2 d5
9.Bb3 dxe4 10.Nxe4 Nxe4 11.fxe4 Bg4 12.c3 Bxe2 13.Kxe2 e5 14.Re1 Nd7 15.Qc2 exd4
16.cxd4 Rae8 17.Rad1 Qb5+ 18.Kf2 Nf6 19.Kg1 Nxe4 20.d5  1/2-1/2

[Event "Jubilee Open"]
[Site "Zuerich SUI"]
[Date "2009.08.12"]
[Round "5"]
[White "Safarli,E"]
[Black "Hommeles,T"]
[Result "1-0"]
[WhiteElo "2597"]
[BlackElo "2412"]

1.e4 d6 2.d4 Nf6 3.Nc3 e5 4.Nf3 Nbd7 5.Bc4 Be7 6.O-O O-O 7.a4 c6 8.Re1 b6
9.b3 Bb7 10.Bb2 a6 11.d5 Nc5 12.Ba3 cxd5 13.Bxd5 Bxd5 14.Nxd5 Ncxe4 15.Nxe5 Nxd5
16.Nc6 Nec3 17.Qd3 Qd7 18.Nxe7+ Nxe7 19.Qxc3 Nf5 20.Qd3 b5 21.Re5 g6 22.axb5 axb5
23.Ree1 Qc6 24.Bb2 Rac8 25.Re2 Rfe8 26.Rae1 Rxe2 27.Rxe2 h5 28.h3 Re8 29.Qc3  1-0

[Event "24th ICT Acropolis"]
[Site "Chalkida GRE"]
[Date "2009.08.14"]
[Round "5"]
[White "Reshetnikov,A"]
[Black "Predojevic,B"]
[Result "1/2-1/2"]
[WhiteElo "2006"]
[BlackElo "2644"]

1.e4 d6 2.d4 Nf6 3.Nc3 e5 4.Nf3 Nbd7 5.Bc4 Be7 6.O-O O-O 7.Re1 c6 8.a4 a5
9.h3 exd4 10.Nxd4 Nc5 11.Bf4 Be6 12.b3 Bxc4 13.bxc4 g6 14.Nb3 Ne6 15.Bh2 Re8
16.Qd3 Nh5 17.Rad1 Qb6 18.Bxd6 Bxd6 19.Qxd6 Qb4 20.Qxb4 axb4 21.Ne2 Rxa4
22.Nec1 c5 23.Rd7 Rb8 24.Nd3 Ra2 25.Nbxc5 Nxc5 26.Nxc5 Rxc2 27.Rb1 Rxc4 28.Rxb7 Rxb7
29.Nxb7 Nf4 30.Nd6 Rd4 31.Nb5 Rxe4 32.Nd6 Rd4 33.Nb5 Rc4 34.Nd6 Rc1+ 35.Rxc1 Ne2+
36.Kf1 Nxc1 37.Ke1 Nd3+ 38.Ke2 Nf4+ 39.Kf3 Ne6 40.Ke3 f5 41.Nc4 Kf7 42.Ne5+ Kf6
43.Nd3 b3 44.Kd2 f4 45.Kc3 f3 46.g3 Kf5 47.Kxb3 Ng5 48.h4 Ne4 49.Kc4 Nxg3
50.fxg3 Ke4 51.Nf2+ Ke3 52.Ng4+ Ke2 53.Kd4 f2 54.Nh2 f1=Q 55.Nxf1 Kxf1 56.Ke5 Kg2
57.Kf4 h6 58.g4 Kh3 59.h5 g5+ 60.Kf5 Kh4 61.Kg6 Kxg4 62.Kxh6 Kf5 63.Kg7 g4
64.h6 g3 65.h7 g2 66.h8=Q g1=Q+ 67.Kf8 Qc5+ 68.Kg8 Qc4+ 69.Kh7 Qh4+ 70.Kg8 Qd8+
71.Kh7 Qxh8+ 72.Kxh8 Ke4  1/2-1/2

[Event "Yoel Geva YTGM"]
[Site "Tel Aviv ISR"]
[Date "2009.08.14"]
[Round "6"]
[White "Popilski,G"]
[Black "Bykhovsky,An ISR"]
[Result "1/2-1/2"]
[WhiteElo "2392"]
[BlackElo "2487"]

1.e4 d6 2.d4 Nf6 3.Nc3 e5 4.Nf3 exd4 5.Qxd4 Nc6 6.Bb5 Bd7 7.Bxc6 Bxc6 8.O-O Be7
9.b3 O-O 10.Bb2 Re8 11.Rad1 Nd7 12.Qe3 b6 13.Nd4 Bb7 14.Nd5 Bf6 15.Nxf6+ Qxf6
16.Qc3 Bxe4 17.f3 Bb7 18.Qxc7 Nc5 19.Rfe1 Rac8 20.Nc6 Qxb2 21.Ne7+ Rxe7 22.Qxe7 h6
23.Rxd6 Qxc2 24.b4 Nd3 25.Rxd3 Qxd3 26.Qxb7 Rc2 27.Qxa7 Qd2 28.Qa8+ Kh7 29.Qe4+ g6
30.f4 Qf2+ 31.Kh1 Rc7 32.Qb1 Rc2 33.Rg1 Rxa2 34.Qb3 Ra7 35.Qc4 Re7  1/2-1/2

[Event "XII Bancpost A"]
[Site "Miercurea Ciuc ROM"]
[Date "2009.08.15"]
[Round "8"]
[White "Dulman,E"]
[Black "Vasile,T"]
[Result "1/2-1/2"]
[WhiteElo "2100"]
[BlackElo "1983"]

1.d4 d6 2.e4 Nf6 3.Nc3 Nbd7 4.Nf3 e5 5.Bc4 Be7 6.O-O c6 7.a4 a5 8.Re1 O-O
9.Bf1 Qc7 10.g3 Re8 11.Bg2 Nf8 12.Nh4 g6 13.d5 Ng4 14.h3 Nf6 15.f4 Nh5 16.fxe5 dxe5
17.Qf3 Bb4 18.Rf1 Ra6 19.Bh6 Qe7 20.g4 Nf4 21.g5 Bxc3 22.bxc3 Qc5+ 23.Kh2 Nd7
24.Rf2 Nb6 25.Bf1 Ra8 26.Ng2 Qe7 27.Nxf4 exf4 28.Rb1 Nxa4 29.Bg2 Qe5 30.c4 Nc5
31.Qxf4 a4 32.Qxe5 Rxe5 33.Rbf1 Nxe4 34.Rxf7 Bf5 35.Rg7+ Kh8 36.Rxb7 Ree8
37.dxc6 Nd6 38.Bg7+ Kg8 39.Bd5+ Be6 40.Rd7 Nf5 41.Ba1 Bxd5 42.cxd5 Re2+ 43.Kg1 Rxc2
44.c7 Re8 45.Rf2 Rc1+ 46.Kg2 a3 47.Bf6 Rc5 48.Rd8 Kf7 49.Rd7+ Kg8 50.Rd8 Kf7
51.Rd7+ Kg8  1/2-1/2

[Event "XII Bancpost A"]
[Site "Miercurea Ciuc ROM"]
[Date "2009.08.16"]
[Round "9"]
[White "Kiraly,F"]
[Black "Vasile,T"]
[Result "1/2-1/2"]
[WhiteElo "1941"]
[BlackElo "1983"]

1.e4 d6 2.d4 Nf6 3.Nc3 Nbd7 4.Nf3 e5 5.dxe5 dxe5 6.Bc4 Be7 7.O-O O-O 8.Re1 c6
9.a4 a5 10.h3 Qc7  1/2-1/2

[Event "24th ICT Acropolis"]
[Site "Chalkida GRE"]
[Date "2009.08.17"]
[Round "8"]
[White "Burtasova,A"]
[Black "Managadze,N"]
[Result "0-1"]
[WhiteElo "2325"]
[BlackElo "2459"]

1.e4 d6 2.d4 Nf6 3.Nc3 c6 4.f4 Qa5 5.Bd2 Bg4 6.Nf3 Qb6 7.e5 Nfd7 8.Bd3 e6
9.O-O dxe5 10.h3 Bxf3 11.Qxf3 Qxd4+ 12.Be3 Qxe3+ 13.Qxe3 Bc5 14.Qxc5 Nxc5
15.fxe5 Nbd7 16.Rae1 a5 17.a3 a4 18.Ne4 Nxe4 19.Rxe4 Ke7 20.Rg4 g6 21.Rb4 Rhb8
22.Rh4 h5 23.Re4 Ra5 24.Rfe1 Rd8 25.Bf1 Nc5 26.Rb4 Rd5 27.g3 Ra8 28.Bg2 Rd2
29.Rc4 Ra5 30.Re3 Nd7 31.Rb4 Rb5 32.Rxb5 cxb5 33.Rc3 Nxe5 34.Rc5 Kd6 35.Rxb5 Rxc2
36.Rxb7 f5 37.Rb6+ Ke7 38.Rb4 Rc4 39.Rb7+ Kf6 40.Rb6 Rc1+ 41.Kh2 Rc2 42.Kg1 Nd3
43.Bd5 Re2 44.Bc4 Re3 45.Kg2 h4 46.gxh4 Nf4+ 47.Kf2 Rxh3 48.b3 axb3 49.Bxb3 Rxh4
50.Kg3 g5 51.a4 Rh3+ 52.Kf2 g4  0-1

[Event "24th Open"]
[Site "Schwarzach AUT"]
[Date "2009.08.17"]
[Round "3"]
[White "Medancic,R"]
[Black "Ventura,Se"]
[Result "1/2-1/2"]
[WhiteElo "2261"]
[BlackElo "2101"]

1.e4 d6 2.d4 Nf6 3.Nc3 c6 4.Nf3 Bg4 5.h3 Bh5 6.Qe2 Nbd7 7.g4 Bg6 8.h4 h5
9.g5 Ng8 10.d5 Qb6 11.b3 e5 12.dxe6 fxe6 13.Bb2 Nc5 14.Nd2 Qc7 15.Bh3 e5
16.b4 Nd7 17.a3 Ne7 18.Nc4 Bf7 19.Rd1 Ng6 20.Qd3 Rd8 21.Nxd6+ Qxd6 22.Qxd6 Bxd6
23.Rxd6 Ke7 24.Rxd7+ Rxd7 25.Bxd7 Kxd7 26.Ne2 Bc4 27.Ng3 Ke6 28.Nf5 Rg8 29.Kd2 Nf4
30.Kc3 b5 31.Bc1 Ne2+ 32.Kb2 Nxc1 33.Kxc1 Be2 34.Re1 Bg4 35.Ng3 Rf8 36.Rf1 g6
37.Kd2 Bh3 38.Rh1 Bg2 39.Rg1 Rxf2+ 40.Ke3 Rxc2 41.Ne2 Bh3 42.Rc1 Rxc1 43.Nxc1 Kd6
44.Nd3 Be6 45.Nc5 Bc4 46.Nb7+ Kc7 47.Nc5 Kd6 48.Nb7+ Kd7 49.Nc5+ Ke7 50.Nb7 Be6
51.Nc5 Kd6 52.Nb7+ Kc7 53.Nc5 Bc8 54.Nb3 Kb6 55.Nc5 Kc7  1/2-1/2

[Event "24th Open"]
[Site "Tetevan BUL"]
[Date "2009.08.17"]
[Round "4"]
[White "Stefanov,E"]
[Black "Janchev,P"]
[Result "0-1"]
[WhiteElo "1928"]
[BlackElo "2224"]

1.e4 d6 2.d4 Nf6 3.Nc3 Nbd7 4.Be3 e5 5.f3 c6 6.Qd2 Be7 7.O-O-O O-O 8.g4 b5
9.h4 Nb6 10.h5 b4 11.Nb1 Nfd7 12.Nh3 d5 13.g5 c5 14.dxe5 Nxe5 15.f4 Nec4
16.Bxc4 Nxc4 17.Qe2 Qa5 18.Rxd5 Qxa2 19.c3 Rb8 20.Bxc5 bxc3 21.Nxc3 Qa1+
22.Nb1 Rxb2 23.Qd3 Bxc5 24.Rxc5 Na3 25.Ra5 Qxb1+ 26.Qxb1 Rxb1+  0-1